000 00453nam a2200169Ia 4500
005 20250508155215.0
008 008 250505s9999 xx 000 0 eng d
037 _aBooks to be hide in OPAC
040 _aFEDL
_beng
_cFEDL
041 _aeng
_2eng
084 _a0942.002, LON/O
_qFEDL
245 0 _aBritain: An offical handbook
260 _c1968
300 _aix,557p.
942 _cHB
_h0942.002, LON/O
999 _c1355223
_d1355223